Problems in Cardiology
Zapisane w:
| 1. autor: | |
|---|---|
| Format: | Książka |
| Język: | Undetermined |
| Wydane: |
Lancaster
MTP Press Limited
1981
|
| Hasła przedmiotowe: | |
| Etykiety: |
Dodaj etykietę
Nie ma etykietki, Dołącz pierwszą etykiete!
|
| Thư viện lưu trữ: | Trung tâm Học liệu Trường Đại học Cần Thơ |
|---|
| LEADER | 00461nam a2200169Ia 4500 | ||
|---|---|---|---|
| 001 | CTU_45927 | ||
| 008 | 210402s9999 xx 000 0 und d | ||
| 082 | |a 616.12 | ||
| 082 | |b W554p | ||
| 100 | |a F.P.Wharton | ||
| 245 | 0 | |a Problems in Cardiology | |
| 245 | 0 | |c F.P.Wharton | |
| 260 | |a Lancaster | ||
| 260 | |b MTP Press Limited | ||
| 260 | |c 1981 | ||
| 650 | |a cardiology,heart - diseases - diagnosis | ||
| 980 | |a Trung tâm Học liệu Trường Đại học Cần Thơ | ||